Оценка экологического риска воздействия атмосферного загрязнения на растительность; Оптика атмосферы и океана; Т. 24, № 8

Detaylı Bibliyografya
Parent link:Оптика атмосферы и океана.— , 1988-
Т. 24, № 8.— 2011.— [С. 717-721]
Yazar: Токарева О. С. Ольга Сергеевна
Diğer Yazarlar: Полищук Ю. М. Юрий Михайлович
Özet:Заглавие с экрана
Рассмотрены вопросы оценки экологического риска воздействия точечных источников химического загрязнения атмосферы на растительность. Оценка экологического риска основана на использовании критерия чрезвычайной экологической ситуации с учетом чувствительности различных растительных сообществ к загрязнению атмосферы и особенностей пространственной структуры растительного покрова, определяемой на основе космических снимков. Предложены пороговые уровни загрязнения атмосферы сажей для разных видов растительных сообществ. Картографирование зон экологического риска показано на примере воздействия сжигания попутного газа на растительный покров территории Приобского нефтяного месторождения в Западной Сибири.
Problems of environmental risk assessment of impact on vegetation caused by point sources of chemical air pollution are considered. The risk assessment is based on using criterion of environmental emergency situation with accounting for sensitivity of different vegetative ecosystems to air pollution and peculiarities of the vegetation cover spatial structure, which is determined on the base of space images. Mapping of environmental risk zone is illustrated by gas burning impact on vegetation cover at the territory of Priobskoye oil field in West Siberia.
Режим доступа: по договору с организацией-держателем ресурса
Dil:Rusça
Baskı/Yayın Bilgisi: 2011
Konular:
Online Erişim:http://elibrary.ru/item.asp?id=16450129
Materyal Türü: MixedMaterials Elektronik Kitap Bölümü
KOHA link:https://koha.lib.tpu.ru/cgi-bin/koha/opac-detail.pl?biblionumber=639612

MARC

LEADER 00000naa0a2200000 4500
001 639612
005 20250218093016.0
035 |a (RuTPU)RU\TPU\network\4100 
035 |a RU\TPU\network\4098 
090 |a 639612 
100 |a 20150318d2011 k||y0rusy50 ca 
101 0 |a rus 
102 |a RU 
135 |a drcn ---uucaa 
181 0 |a i  
182 0 |a b 
200 1 |a Оценка экологического риска воздействия атмосферного загрязнения на растительность  |f О. С. Токарева, Ю. М. Полищук 
203 |a Текст  |c электронный 
300 |a Заглавие с экрана 
320 |a [Библиогр.: с. 721 (9 назв.)] 
330 |a Рассмотрены вопросы оценки экологического риска воздействия точечных источников химического загрязнения атмосферы на растительность. Оценка экологического риска основана на использовании критерия чрезвычайной экологической ситуации с учетом чувствительности различных растительных сообществ к загрязнению атмосферы и особенностей пространственной структуры растительного покрова, определяемой на основе космических снимков. Предложены пороговые уровни загрязнения атмосферы сажей для разных видов растительных сообществ. Картографирование зон экологического риска показано на примере воздействия сжигания попутного газа на растительный покров территории Приобского нефтяного месторождения в Западной Сибири. 
330 |a Problems of environmental risk assessment of impact on vegetation caused by point sources of chemical air pollution are considered. The risk assessment is based on using criterion of environmental emergency situation with accounting for sensitivity of different vegetative ecosystems to air pollution and peculiarities of the vegetation cover spatial structure, which is determined on the base of space images. Mapping of environmental risk zone is illustrated by gas burning impact on vegetation cover at the territory of Priobskoye oil field in West Siberia. 
333 |a Режим доступа: по договору с организацией-держателем ресурса 
461 |t Оптика атмосферы и океана  |d 1988- 
463 |t Т. 24, № 8  |v [С. 717-721]  |d 2011 
610 1 |a электронный ресурс 
610 1 |a труды учёных ТПУ 
610 1 |a атмосферные загрязнения 
610 1 |a растительность 
610 1 |a экологические риски 
610 1 |a космические снимки 
610 1 |a воздействие 
700 1 |a Токарева  |b О. С.  |c специалист в области информатики и вычислительной техники  |c доцент Томского политехнического университета, кандидат технических наук  |f 1966-  |g Ольга Сергеевна  |3 (RuTPU)RU\TPU\pers\27955  |9 12945 
701 1 |a Полищук  |b Ю. М.  |g Юрий Михайлович 
801 2 |a RU  |b 63413507  |c 20150318  |g RCR 
856 4 |u http://elibrary.ru/item.asp?id=16450129 
942 |c CF